000 02037nam a22003137a 4500
001 1571
003 FISKH
005 20231002115254.0
008 230907b cb ||||| |||| 00| 0 khr d
020 _a9789996305610
040 _aFISKH
_beng
_cFISKH
_dFISKH
082 _a128.4
100 _aAnonymous
245 _aទំនាក់ទំនងស្នេហា និងសុខភាពបន្តពូជ /
250 _aបោះពុម្ពលើកទី២ មិ​នា​ ២០១៧
260 _aPhnom Penh :
_bSipar,
_c2017.
300 _a44 pages :
_bcolor illustrations ;
_c29 cm
490 _aបំនិនជីវិត​
505 _aZ'
520 _aបង្ហាញពីគន្លឹះសំខាន់ៗរួមមាន៖ ទំនាក់ទំនងស្នេហា សុខភាពបន្តពូជ ផលវិបាកនៃការរំលូតកូន ការធ្វើអនាម័យ ការការពារខ្លួនពីជំងឺកាមរោគផ្សេងៗ និងព័ត៍មានចាំបាច់សំខាន់ៗ ទាក់ទងនិងសេវាពិគ្រោះយោបល់ ការព្យាបាលជំងឺ និងសេវាអន្តរាគមន៍ ពេលមានការរំលោភបំពានផ្លូវភេទ។
520 _aHighlights include: relationships, love, reproductive health, complications of abortion, hygiene, protection against various STIs, and essential information related to counseling, treatment, and abuse intervention services. Sex.
521 8 _a1120
_bLexile estimate
521 8 _aZ'
_bRaz-Plus
650 _aទំនាក់ទំនង
_vស្នេហា
_xការរំលូតកូន
_yពិគ្រោះយោបល់
650 _aRelationship
_vLove
_xAbortion
_yConsulting
700 _aRatha, Ouk
_eillustrator
700 _aSophaleap, Nhoek
_eillustrator
942 _2ddc
_cBK
_n0
999 _c1571
_d1571